000 00401cam a2200169ua 4500
041 _aeng
_h
082 _a828.09
_bDOB/JO
100 _aDobree, Bonamy .
245 _aJohn Dryden /
_cBonamy Dobree.
_hTextual Documents
250 _a1 /
_b.
260 _aLondon :
_bLongman Green and Co ,
_c1961.
300 _a47 ; .
504 _a
942 _cBK
999 _c7000
_d7000